000 02236cam a22002895i 4500
001 21604394
005 20241217085738.0
008 200709s2020 cau 000 0 eng
010 _a 2020941894
020 _a9789353883287
020 _z9789353883294
020 _z9789353883300
040 _aDLC
_beng
_erda
_cDLC
042 _apcc
082 _aDC 519.5028 J313 2020
100 1 _aJasrai, Lokesh,
_eauthor.
_944757
245 1 0 _aData analysis using SPSS /
_cLokesh Jasrai.
260 _aIndia :
_bSAGE ,
_c©2020.
263 _a2009
300 _axvii, 401 pages :
_billustrations ;
_c24 cm.
500 _aIncludes appendix and index.
520 _a"A concise introduction to data analysis for beginners and intermediate students using IBM Statistical Package for Social Sciences (SPSS). This textbook elaborates on the basic understanding and application of statistical tests and data analysis using hypothetical datasets and SPSS version 22.0. It enhances self-learning and develops a thorough understanding of the concepts through step-by-step processes, and also includes screen images, dialog boxes and exhibits for better interaction with the software. Spanning across 17 chapters, Data Analysis Using SPSS begins with the stages of data entry, editing and visualization. Further, it takes the readers through descriptive statistics; frequency; univariate, bivariate and regression analysis; cross-tabulation; linear models and non-parametric test procedures. The book will act as a helpful companion to the students of management, humanities and social sciences, and agriculture and life sciences as well as young research scholars. Key Features. Main- and sub-dialog boxes of SPSS containing commands of specific test techniques incorporated in the text for effective interaction with the software. Exercises and practice questions to enhance analytical understanding. Three additional chapters on Means Analysis, One-Way ANOVA, and Probability and Sampling Distribution provided as web supplement for advance reading"--
650 _aSocial sciences
_xStatistical methods
_xComputer programs.
_918147
906 _a0
_bibc
_corignew
_d2
_eepcn
_f20
_gy-gencatlg
942 _2ddc
_cDC
999 _c16738
_d16738